| 000 | 00442nam a2200145Ia 4500 | ||
|---|---|---|---|
| 008 | 230917s9999||||xx |||||||||||||| ||und|| | ||
| 040 |
_e171071 _aMAIN |
||
| 041 | _aEnglish | ||
| 082 | _a891.431731 AP84B | ||
| 100 | _aपोद्दार रामावतार अरूण | ||
| 245 | 0 | _aबाणाम्बरी | |
| 260 |
_aसमस्तीपुर _bकिरणकुंज _c1961 |
||
| 300 | _a400 पृ. p. | ||
| 942 | _cHN | ||
| 999 |
_c214443 _d214443 |
||